000 01062cam a22002651i 4500
003 OSt
005 20260420132915.0
008 260418s2001 su g 00010 ara d
020 _a9960726584
040 _aSA-MaUQU
_bara
_cSA-RiAUC
_erda
082 0 4 _a967.73
_qSA-RiAUC
090 _a967.73
_bع ث م
100 1 _aعثمان، عبد الله شيخ محمد
_eمؤلف.
245 1 2 _aالصراع الأهلي في الصومال /
_cعبد الله شيخ محمد عثمان.
264 1 _aالرياض :
_bمركز الملك فيصل للبحوث والدراسات الإسلامية،
_c2001
300 _a120 صفحة ؛
_c24 سم
336 _aنص
_btxt
_2rdacontent
_3كتاب
337 _aبدون وسيط
_bn
_2rdamedia
338 _aمجلد
_bnc
_2rdacarrier
651 7 _aالصومال
_xسياسة وحكومة
_2aucsh
651 7 _aالصومال
_xتاريخ
_yقرن 20
_2aucsh
651 7 _aالصومال
_xتاريخ
_yالحرب الأهلية، 1991-
_2aucsh
942 _2ddc
_cBOOK
_n0
949 _aSA-JeALM
_d260418
_umohamedma123
_n1
999 _c14869
_d14869